Jak vést úspěšná jednání. Rozvoj filozofie zisku : 8 závažných chyb. 6 základních kroků k profesionální technice jednání /
Gespeichert in:
| 1. Verfasser: | |
|---|---|
| Weitere Verfasser: | |
| Format: | Buch |
| Sprache: | Tschechisch |
| Veröffentlicht: |
Praha :
Linde,
1994
|
| Schlagworte: | |
| Online-Zugang: | OBSAH |
| Tags: |
Keine Tags, Fügen Sie das erste Tag hinzu!
|
MARC
| LEADER | 00000nam a22000003a 4500 | ||
|---|---|---|---|
| 001 | stu46239 | ||
| 005 | 20150617225716.4 | ||
| 008 | 980218s1994----cs------------------cze-d | ||
| 020 | |a 80-85647-32-X | ||
| 040 | |a STU |b slo | ||
| 041 | 0 | |a cze | |
| 044 | |a cs | ||
| 080 | |a 65.012.63 | ||
| 100 | 1 | |a Maddux, Robert B |4 aut | |
| 245 | 1 | |a Jak vést úspěšná jednání. Rozvoj filozofie zisku : |b 8 závažných chyb. 6 základních kroků k profesionální technice jednání / |c [aut.]Robert B. Maddux; Z nem. Josef Spal | |
| 260 | |a Praha : |b Linde, |c 1994 | ||
| 300 | |a 76 s | ||
| 650 | 7 | |a Jednania |2 stusub | |
| 650 | 7 | |a techniky |2 stusub | |
| 650 | 7 | |a Porady |2 stusub | |
| 700 | 1 | |a Spal, Josef |4 trl | |
| 856 | 4 | |a https://sweb.mtf.stuba.sk/obsahy/jak_vest_uspesna_jednani_94.pdf |u https://sweb.mtf.stuba.sk/obsahy/jak_vest_uspesna_jednani_94.pdf |3 OBSAH | |
| 996 | |b 284M039222 |c M*9802-1 |l MMKN |s A |a 24 |w stu46239_0001 | ||